[Event "ROM-ch"]
[Site "Olanesti"]
[Date "2019.03.02"]
[Round "1"]
[White "Martian, Dragos Daniel"]
[Black "Apahidean, Ioan"]
[Result "1-0"]
[WhiteElo "2228"]
[BlackElo "1887"]
[PlyCount "47"]
[EventDate "2019.03.02"]
[EventType "swiss"]
[EventRounds "9"]
[EventCountry "ROU"]
[SourceTitle "CBM 189 Extra"]
[Source "ChessBase"]
[SourceDate "2019.06.03"]
[SourceVersion "1"]
[SourceVersionDate "2019.06.03"]
[SourceQuality "1"]

1. e4 b6 2. d4 Bb7 3. Bd3 e6 4. Nf3 c5 5. c3 Qc7 6. 0-0 Be7 7. Nbd2 Nf6 8. e5 Nd5 9. Ne4 c4 10. Bc2 f5 11. exf6 Nxf6 12. Nxf6+ Bxf6 13. Ng5 Bxg5 14. Qh5+ Kd8 15. Qxg5+ Kc8 16. Qxg7 Qd8 17. Bxh7 Bd5 18. h4 Nc6 19. Bg5 Qf8 20. Qxf8+ Rxf8 21. f3 Kb7 22. Be4 Nd8 23. Bxd5+ exd5 24. Bxd8 1-0

[Event "ROM-chT2"]
[Site "Gilau"]
[Date "2018.10.07"]
[Round "1.3"]
[White "Helmer, Janos"]
[Black "Apahidean, Ioan"]
[Result "1-0"]
[WhiteElo "2049"]
[BlackElo "1828"]
[PlyCount "81"]
[EventDate "2018.10.07"]
[EventType "team-swiss"]
[EventRounds "9"]
[EventCountry "ROU"]
[SourceTitle "CBM 187 Extra"]
[Source "ChessBase"]
[SourceDate "2018.11.04"]
[SourceVersion "1"]
[SourceVersionDate "2018.11.04"]
[SourceQuality "1"]
[WhiteTeam "Cluj Napoca"]
[BlackTeam "Cluj Viitorul"]
[WhiteTeamCountry "ROU"]
[BlackTeamCountry "ROU"]

1. Nf3 c6 2. d4 d6 3. c4 Qc7 4. Nc3 Nf6 5. e4 Bg4 6. Be2 Nbd7 7. Be3 e5 8. 0-0 Bh5 9. Ne1 Bg6 10. f3 Be7 11. Nc2 0-0 12. Qd2 Rad8 13. Rfd1 h5 14. b4 b6 15. Rac1 a6 16. a4 c5 17. Nd5 Nxd5 18. cxd5 f5 19. exf5 Bxf5 20. dxe5 Nxe5 21. Bxa6 Qa7 22. Bb5 h4 23. Ne1 Rf6 24. h3 Bxh3 25. f4 Bg4 26. fxe5 dxe5 27. bxc5 bxc5 28. Nd3 Bxd1 29. Qxd1 h3 30. Nf2 hxg2 31. Ne4 Rf1+ 32. Bxf1 gxf1Q+ 33. Kxf1 Qa6+ 34. Kg2 Qg6+ 35. Ng3 Bh4 36. Bf2 Bxg3 37. Bxg3 Qe4+ 38. Qf3 Qxa4 39. Rxc5 e4 40. Qg4 Qd4 41. Bf2 1-0

[Event "ROM-ch U16"]
[Site "Baile Felix"]
[Date "2017.02.06"]
[Round "6"]
[White "Apahidean, Ioan"]
[Black "Cotruta, Alexandru Mihai"]
[Result "1/2-1/2"]
[WhiteElo "1701"]
[BlackElo "1854"]
[PlyCount "38"]
[EventDate "2017.02.02"]
[EventType "swiss"]
[EventRounds "9"]
[EventCountry "ROU"]
[SourceTitle "CBM 176 Extra"]
[Source "ChessBase"]
[SourceDate "2017.03.02"]
[SourceVersion "1"]
[SourceVersionDate "2017.03.02"]
[SourceQuality "1"]

1. e4 c5 2. Nf3 e6 3. c4 Qc7 4. Nc3 a6 5. Be2 d6 6. 0-0 Nf6 7. d4 cxd4 8. Nxd4 Nbd7 9. Be3 b6 10. f3 Bb7 11. Qd2 Rc8 12. Rac1 Qb8 13. Rfd1 h5 14. Bf2 h4 15. h3 Be7 16. Bf1 Nh5 17. Qe3 Ba8 18. b3 Rh6 19. Re1 Rg6 1/2-1/2

[Event "ROM-ch U16"]
[Site "Baile Felix"]
[Date "2017.02.03"]
[Round "2"]
[White "Apahidean, Ioan"]
[Black "Alboni, Denis Dean"]
[Result "1/2-1/2"]
[WhiteElo "1701"]
[BlackElo "1871"]
[PlyCount "66"]
[EventDate "2017.02.02"]
[EventType "swiss"]
[EventRounds "9"]
[EventCountry "ROU"]
[SourceTitle "CBM 176 Extra"]
[Source "ChessBase"]
[SourceDate "2017.03.02"]
[SourceVersion "1"]
[SourceVersionDate "2017.03.02"]
[SourceQuality "1"]

1. e4 c5 2. Nf3 e6 3. c4 a6 4. Nc3 d6 5. Be2 Nf6 6. 0-0 Qc7 7. d4 cxd4 8. Nxd4 b6 9. Be3 Bb7 10. f3 Nbd7 11. Rc1 Be7 12. Qc2 Rc8 13. Rfd1 0-0 14. Bf2 Qb8 15. Qd2 Rfd8 16. b3 Qa8 17. Bf1 Bf8 18. Qe3 h6 19. Nc2 d5 20. e5 Bc5 21. Qe1 Bxf2+ 22. Kxf2 Nh7 23. cxd5 exd5 24. e6 Ndf6 25. Nd4 Re8 26. exf7+ Kxf7 27. Qd2 Qb8 28. Kg1 Ng5 29. Re1 Kg8 30. Nf5 Rcd8 31. Bd3 d4 32. Na4 b5 33. Nc5 Bc8 1/2-1/2

[Event "ROM-ch U14"]
[Site "Calimanesti"]
[Date "2015.04.01"]
[Round "3"]
[White "Pasca, Mihai Alexandru"]
[Black "Apahidean, Ioan"]
[Result "1/2-1/2"]
[WhiteElo "1531"]
[BlackElo "1707"]
[PlyCount "51"]
[EventDate "2015.03.30"]
[EventType "swiss"]
[EventRounds "9"]
[EventCountry "ROU"]
[SourceTitle "CBM 165 Extra"]
[Source "ChessBase"]
[SourceDate "2015.04.21"]
[SourceVersion "1"]
[SourceVersionDate "2015.04.21"]
[SourceQuality "1"]

1. e4 c5 2. c3 d5 3. exd5 Qxd5 4. d4 Nc6 5. Nf3 Bg4 6. Be2 Nf6 7. Be3 cxd4 8. cxd4 e6 9. 0-0 Be7 10. Nc3 Qa5 11. Qb3 Qb4 12. Qxb4 Nxb4 13. Bb5+ Kf8 14. Ne5 a6 15. Ba4 Bf5 16. Rac1 h5 17. a3 Nd3 18. Nxd3 Bxd3 19. Rfd1 Bc4 20. b3 Bd5 21. Nxd5 Nxd5 22. b4 g6 23. Bd2 Bf6 24. Bc3 Nxc3 25. Rxc3 Kg7 26. Rc7 1/2-1/2